000 00745cam a2200205 4500
001 WB3547-41
008 000000n1999 000 0 eng u
035 _a(Sirsi) u102988
245 _aHill farm incomes fall
260 _c1999
490 _aFinancial Times
_v30 November 1999, 5(1)
520 _aGovernment estimates that hill farms will have an average income of just £2,000. Total farming income is expected to fall by 1.5% to £2.25bn in 1999. Earnings on cattle & sheep farms in the poorest areas are expected to show a 12 month fall of 35% by February 2000.
590 _aWB
650 _aHILL FARMING
650 _aFARM INCOMES
650 _aMAFF
650 _aAGRICULTURAL MARKET
690 _aRURAL PRACTICE
942 _n0
999 _c61876
_d61876